Kto sa chcel zbaviť krtkov, potreboval hrniec a čevíky košický vydavateľ Károly Werfer vydal pred 175 rokmi kalendár, ktorý sa zaoberá domácim hospodárstvom

Bibliographic Details
Main Author: Balassa, Zoltán, 1949- (Author)
Format: Article
Language:Slovak
PhysicalDescription:Obr.
ISSN:1336-5320
Subjects:
Online Access:www.korzar.sk

MARC

LEADER 00000nab a2200000 a 4500
001 vtls008996500
003 SK-MaSNL
005 20260303065744.0
008 070606 2007 xo r r 000 0 slo
038 |a KEVKJB 
040 |a KEVKJB  |b slo  |c KEVKJB  |e AACR2 
041 0 |a slo 
044 |a xo  |c SK 
080 |a 050.9(437.672)  |2 2001 
100 1 |a Balassa, Zoltán,  |d 1949-  |4 aut  |9 502859 
245 1 0 |a Kto sa chcel zbaviť krtkov, potreboval hrniec a čevíky  |b košický vydavateľ Károly Werfer vydal pred 175 rokmi kalendár, ktorý sa zaoberá domácim hospodárstvom  |c Zoltán Balassa 
300 |b Obr. 
600 1 7 |a Werfer, Karol  |2 kevkjb  |9 886929 
630 0 7 |a Trvalý Poľný a Záhradný Kalendár  |2 kevkjb  |9 1066240 
650 0 7 |a kalendáre  |z Košice (Slovensko)  |2 kevkjb  |9 1066241 
651 7 |a Košice (Slovensko)  |2 kevkjb  |9 18694 
773 0 |t Košický večer  |g Roč. 18(39), č. 22 (1.6.2007), s. 21  |x 1336-5320 
852 |a KEVKJB  |b KIS3GCP 
856 4 1 |u www.korzar.sk 
999 |c 1752543  |d 1754473